[Event "ch-SLO"]
[Site "Ljubljana SLO"]
[Date "2010.08.08"]
[Round "2"]
[White "Jelen,Ig"]
[Black "Skoberne,J"]
[Result "1/2-1/2"]
[WhiteElo "2383"]
[BlackElo "2519"]

1.d4 d5 2.c4 c6 3.Nf3 Nf6 4.Nc3 dxc4 5.a4 Bf5 6.Ne5 Nbd7 7.Nxc4 Qc7 8.g3 e5
9.dxe5 Nxe5 10.Bf4 Nfd7 11.Bg2 g5 12.Ne3 gxf4 13.Nxf5 O-O-O 14.Qc2 Kb8 15.O-O fxg3
16.hxg3 h5 17.Rfc1 Nf6 18.Nb5 Qb6 19.Nbd4 a5 20.e3 Bb4 21.Nh4 Nfg4 22.Qe4 Rhe8
23.Rc2 Ka8 24.Nhf5 Nc4 25.Qf4 Ncxe3 26.fxe3 Nxe3 27.Rxc6 Nxg2 28.Rxb6 Nxf4
29.Rxb4 axb4 30.gxf4 Re4 31.Kf2 Rdxd4 32.Nxd4 Rxd4 33.Ke3 Rd8 34.Rg1 h4 35.Rg7 Rh8
36.Kf2 Rc8 37.Rxf7 Rc2+ 38.Ke3 Rxb2 39.Kd3 Rf2 40.Kc4 h3 41.Kxb4 h2 42.Rh7 Rxf4+
43.Kb5 Rf2 44.Rh8+ Ka7 45.a5 Rb2+ 46.Kc5 Rg2 47.Kb4 Rb2+ 48.Ka3 Re2 49.Kb4 b6
50.axb6+ Kxb6 51.Kc4 Kc6  1/2-1/2

[Event "e2e4 Autumn Masters B"]
[Site "Uxbridge ENG"]
[Date "2010.08.11"]
[Round "1"]
[White "Arkell,K"]
[Black "Sturt,R"]
[Result "1-0"]
[WhiteElo "2465"]
[BlackElo "2173"]

1.d4 d5 2.c4 c6 3.Nf3 Nf6 4.Nc3 dxc4 5.a4 Bf5 6.Nh4 Bg4 7.h3 Bh5 8.g4 Bg6
9.Nxg6 hxg6 10.e3 e6 11.Bxc4 Bb4 12.Bd2 Nbd7 13.g5 Nd5 14.h4 Qa5 15.Qb3 N5b6
16.Be2 c5 17.Kf1 Rc8 18.Kg2 a6 19.Bf3 cxd4 20.exd4 Nc4 21.Bf4 Bd6 22.Bxd6 Nxd6
23.Ne4 Nf5 24.Rad1 Rd8 25.h5 gxh5 26.g6 Nf6 27.gxf7+ Kxf7 28.Ng5+ Kg6 29.Nxe6 Rd6
30.d5 Re8 31.Qc4 h4 32.Qf4 Rexe6 33.dxe6 Rxe6 34.Kh3 Re5 35.b4 Qc7 36.Rde1 Rc5
37.Rhg1+ Kf7 38.Bd5+ Kf8 39.Qxc7 Rxc7 40.Re5 Rc3+ 41.Kh2 Nd4 42.Bxb7 Rb3
43.b5 axb5 44.a5 Ra3 45.a6 Rxa6 46.Bxa6 Nf3+ 47.Kh3 Nxe5 48.Bxb5 Nf3 49.Rd1 g5
50.Bd7 Ke7 51.Bc8 Ne5 52.Re1 Kd6 53.Rd1+ Ke7 54.Ra1 Nd3 55.Kg2 Nf4+ 56.Kf3 Ng6
57.Ra5 Ng8 58.Kg4 Kf6 59.Ra6+ Kg7 60.Kxg5 N8e7 61.Ra7 Kf8 62.Be6 Ne5 63.Kf6  1-0

[Event "ch-FRA NatB"]
[Site "Belfort FRA"]
[Date "2010.08.13"]
[Round "5"]
[White "Gozzoli,Y"]
[Black "Benitah,Y"]
[Result "1-0"]
[WhiteElo "2520"]
[BlackElo "2382"]

1.d4 d5 2.c4 c6 3.Nc3 Nf6 4.Nf3 dxc4 5.a4 Bf5 6.Nh4 Bc8 7.e3 Be6 8.e4 Qa5
9.Bd2 Qb6 10.Nf3 Bg4 11.a5 Qd8 12.Bxc4 Bxf3 13.gxf3 Qxd4 14.Qb3 e6 15.Qxb7 Qxc4
16.Qxa8 Bd6 17.Qxa7 O-O 18.Qe3 Nbd7 19.Qe2 Qb3 20.f4 e5 21.f5 g6 22.a6 Ra8
23.O-O gxf5 24.exf5 Qxb2 25.Qd3 Qb8 26.Kh1 Kh8 27.Ne4 Nxe4 28.Qxe4 Qc8 29.Rg1 Nf6
30.Qd3 Nd5 31.Qg3 Qf8 32.Qh3 Qc8 33.Ra4 Be7 34.Rag4 Bf6 35.R1g3  1-0

[Event "FSGM August"]
[Site "Budapest HUN"]
[Date "2010.08.13"]
[Round "7"]
[White "Szabo,Ben"]
[Black "Kargin,A"]
[Result "1-0"]
[WhiteElo "2243"]
[BlackElo "2396"]

1.d4 d5 2.c4 c6 3.Nf3 Nf6 4.Nc3 dxc4 5.a4 Bf5 6.Ne5 Nbd7 7.Nxc4 Qc7 8.g3 e5
9.dxe5 Nxe5 10.Bf4 Nfd7 11.Bg2 g5 12.Ne3 gxf4 13.Nxf5 O-O-O 14.Qc2 Ng6 15.O-O Kb8
16.Rfc1 a5 17.b4 axb4 18.Na2 Qe5 19.Rab1 c5 20.a5 Ka7 21.a6 b6 22.Nxb4 Nb8
23.Na2 fxg3 24.hxg3 Rc8 25.Nc3 Nc6 26.Nb5+ Ka8 27.Nbd4  1-0

[Event "ch-FRA NatB"]
[Site "Belfort FRA"]
[Date "2010.08.14"]
[Round "6"]
[White "Terrieux,K"]
[Black "Benitah,Y"]
[Result "1-0"]
[WhiteElo "2437"]
[BlackElo "2382"]

1.d4 d5 2.c4 c6 3.Nf3 Nf6 4.Nc3 dxc4 5.a4 Bf5 6.e3 e6 7.Bxc4 Bb4 8.O-O O-O
9.Qe2 Nbd7 10.Rd1 Ne4 11.Nxe4 Bxe4 12.Bd2 Bd6 13.Bc3 Qf6 14.Nd2 Qh6 15.Nf1 Nb6
16.f3 Bd5 17.Bd3 Bb3 18.Bc2 Bc4 19.Bd3 Bb3 20.Rdb1 Nxa4 21.g3 b5 22.Nd2 Nxc3
23.bxc3 Ba4 24.f4 f5 25.c4 a6 26.c5 Be7 27.Nf3 Bf6 28.Qa2 Kh8 29.h4 Rad8
30.Be2 e5 31.dxe5 Be7 32.Rc1 Rd5 33.Qa3 Qe6 34.Nd4 Qd7 35.Bf3 Rxd4 36.exd4 Qxd4+
37.Kg2 Rd8 38.Qc3 Qd7 39.Kh1 h6 40.Bg2 Qe6 41.Rab1 a5 42.Qxa5 Qa2 43.Rd1 Rxd1+
44.Rxd1 Qf2 45.Qe1 Qxe1+ 46.Rxe1 b4 47.Rc1 b3 48.Bf1 b2 49.Rb1 Bxc5 50.Rxb2 g5
51.Bd3 gxf4 52.gxf4 Be3 53.Kg2 Bd1 54.Be2  1-0

[Event "7th CHN-RUS w Rapid"]
[Site "Ningbo CHN"]
[Date "2010.08.14"]
[Round "20"]
[White "Tan Zhongyi"]
[Black "Gunina,V"]
[Result "0-1"]
[WhiteElo "2461"]
[BlackElo "2462"]

1.d4 d5 2.c4 c6 3.Nf3 Nf6 4.Nc3 dxc4 5.a4 Bf5 6.Ne5 Nbd7 7.Nxc4 Nb6 8.Ne5 a5
9.g3 e6 10.Bg2 Bb4 11.O-O O-O 12.e3 h6 13.Qe2 Bh7 14.Rd1 Qe7 15.e4 Rfd8 16.Bf4 Nfd7
17.Nxd7 Nxd7 18.Be3 Nf6 19.f3 Rd7 20.Qc4 Rad8 21.Bf1 Bg6 22.Be2 Nd5 23.Bf2 Nf6
24.Na2 Bh5 25.Nxb4 Qxb4 26.Qxb4 axb4 27.g4 Bg6 28.Rdc1 Ne8 29.Rc4 e5 30.Rd1 Nc7
31.Bg3 Ne6 32.Bxe5 f6 33.Bg3 Nxd4 34.Kf2 b3 35.Rc3 Bf7 36.Bf1 Ra8 37.Bc4 Rxa4
38.Bxb3 Bxb3 39.Rxb3 c5 40.Rb6 Kf7 41.e5 fxe5 42.Bxe5 Rc4 43.Rd2 Rc2 44.Rxc2 Nxc2
45.Bc3 Re7 46.Rb5 Rc7 47.Be5 Rd7 48.Bc3 Rc7 49.Ke2 c4 50.Ra5 Re7+ 51.Kd2 Ne1
52.Rf5+ Kg6 53.h4 Nd3 54.h5+ Kh7 55.b3 Rd7 56.bxc4 Ne5+ 57.Ke2 Nxc4 58.f4 Re7+
59.Be5 Nd6 60.Rf8 Nf7 61.Kf3 Nxe5+ 62.fxe5 Rxe5 63.Rb8 Rb5 64.Kf4 Rb1 65.Kf5 b5
66.Kf4 b4 67.Kg3 b3 68.Kg2 g5 69.hxg6+ Kxg6 70.Rb5 Kf6 71.Kh2 Ke6 72.Rb6+ Ke5
73.Rxh6 Kf4 74.Rb6 Kxg4 75.Kg2 Kf4 76.Kf2 Rb2+ 77.Ke1 Ke3 78.Re6+ Kd3 79.Rd6+ Kc2
80.Rc6+ Kb1 81.Rb6 Kc1 82.Rc6+ Rc2 83.Rd6 Rc8 84.Rd1+ Kb2 85.Rd7 Ra8 86.Kd2 Ka2  0-1

[Event "ch-SLO"]
[Site "Ljubljana SLO"]
[Date "2010.08.15"]
[Round "9"]
[White "Jelen,Ig"]
[Black "Crepan,M"]
[Result "1-0"]
[WhiteElo "2383"]
[BlackElo "2317"]

1.d4 d5 2.c4 c6 3.Nf3 Nf6 4.Nc3 dxc4 5.a4 Bf5 6.Ne5 Nbd7 7.Nxc4 Qc7 8.g3 e5
9.dxe5 Nxe5 10.Bf4 Nfd7 11.Bg2 Be6 12.Nxe5 Nxe5 13.O-O a5 14.Qc2 Rd8 15.Rad1 f6
16.Nb5 Qc8 17.Rxd8+ Qxd8 18.Rd1 Qb8 19.Nd4 Bd7 20.Nf3 Be6 21.Bxe5 fxe5 22.Ng5 Qc8
23.Qe4 Be7 24.Qxe5 Bxg5 25.Qxg5 Qc7 26.Qe3 Kf7 27.Qf3+ Ke7 28.Qc3 Kf7 29.Qf3+ Ke7
30.Qc3 Kf7 31.Bd5 Re8 32.Qc4 Qe5 33.Bxe6+ Qxe6 34.Rd7+ Kg8 35.Qxe6+ Rxe6
36.e3 b5 37.axb5 cxb5 38.Ra7 a4 39.Rb7 Re5 40.Kg2 Rc5 41.Kf3 Kf8 42.e4 h5
43.h4 g6 44.Ke3 Ke8 45.f4 Kd8 46.Kd3 Kc8 47.Rb6 Kc7 48.Rxg6 Rc1 49.Kd2 Rc4
50.Rg5 Kb6 51.Kd3 Rc1 52.Kd2 Rc4 53.Rg6+ Kb7 54.Rg7+ Kb6 55.Rg6+ Kb7 56.Kd3 Rc1
57.Kd2 Rc4 58.Rd6 Rxe4 59.Rd3 Kc6 60.f5 Re7 61.Rf3 Kc5 62.f6 Rf7 63.Kd3 Kb4
64.Kc2 Rc7+ 65.Kb1 Rf7 66.Ka2 Kc4 67.Rf4+ Kc5 68.Ka3 Kd5 69.Kb4 Kc6 70.Rf5 Rf8
71.f7  1-0

[Event "ch-SLO"]
[Site "Ljubljana SLO"]
[Date "2010.08.15"]
[Round "9"]
[White "Gombac,Jan"]
[Black "Sebenik,M"]
[Result "1/2-1/2"]
[WhiteElo "2324"]
[BlackElo "2518"]

1.d4 d5 2.Nf3 Nf6 3.c4 c6 4.Nc3 dxc4 5.a4 Bf5 6.e3 e6 7.Bxc4 Bb4 8.O-O O-O
9.Qe2 Nbd7 10.e4 Bg6 11.Bd3 Bh5 12.e5 Nd5 13.Nxd5 cxd5 14.Qe3 Bg6 15.Bxg6 fxg6
16.Ng5 Re8 17.Qh3 Nf8 18.f4 h6 19.Nf3 Rc8 20.g4 Rc2 21.f5 exf5 22.gxf5 gxf5
23.Kh1 Re6 24.Nh4 Bd2 25.Nxf5 Rg6 26.Bxd2 Rxd2 27.Rac1 Kh7 28.Nh4 Qg5 29.Rxf8 Rxd4
30.Nxg6 Qxc1+ 31.Rf1 Rd1 32.Nf8+ Kh8 33.Kg1 Qc5+ 34.Kh1 Qc1 35.Rxd1 Qxd1+
36.Kg2 Qc2+ 37.Kf1 Qc1+ 38.Kg2 Qxb2+ 39.Kg1 Qb6+ 40.Kg2 Qb2+ 41.Kg1 Qd4+
42.Kg2 Qb2+  1/2-1/2

[Event "ch-FRA NatB"]
[Site "Belfort FRA"]
[Date "2010.08.16"]
[Round "7"]
[White "Gozzoli,Y"]
[Black "Prie,E"]
[Result "1/2-1/2"]
[WhiteElo "2520"]
[BlackElo "2529"]

1.d4 d5 2.Nf3 Nf6 3.c4 c6 4.Nc3 dxc4 5.a4 Bf5 6.Ne5 Nbd7 7.Nxc4 Nb6 8.Ne5 a5
9.e3 h6 10.Bd3 Bxd3 11.Nxd3 e6 12.Qb3 Be7 13.O-O O-O 14.Rd1 Ra6 15.e4 Qxd4
16.Be3 Qc4 17.Qc2 e5 18.b3 Qe6 19.Nc5 Bxc5 20.Bxc5 Rc8 21.Rd6 Qe8 22.Rad1 Nbd7
23.Be3 Raa8 24.Ne2 Kh7 25.Ng3 Nf8 26.Bxh6 Ne6 27.Be3 Rd8 28.Rxd8 Rxd8 29.f3 Rxd1+
30.Qxd1 Qd7 31.Qd2  1/2-1/2

[Event "ch-FRA NatB"]
[Site "Belfort FRA"]
[Date "2010.08.17"]
[Round "8"]
[White "Prie,E"]
[Black "Benitah,Y"]
[Result "0-1"]
[WhiteElo "2529"]
[BlackElo "2382"]

1.d4 d5 2.c4 c6 3.Nf3 Nf6 4.Nc3 dxc4 5.a4 Bf5 6.Nh4 Bd7 7.e4 e6 8.Bxc4 Nxe4
9.Nxe4 Qxh4 10.Qf3 h6 11.O-O Bb4 12.Bf4 O-O 13.Be5 f5 14.Ng3 a5 15.Nxf5 Qg5
16.h4 Qxf5 17.Qg3 Qh7 18.f4 Rf5 19.Bd3 Be8 20.Qe3 Nd7 21.Rf3 Nxe5 22.dxe5 Rd8
23.Kh2 Qg6 24.Rd1 Rd5 25.Qb6 Qf7 26.Bxf5 Rxd1 27.Bh3 Qe7 28.Qe3 Bh5 29.g4 Bf7
30.g5 hxg5 31.hxg5 g6 32.Qb3 Qd7 33.Bg2 Qd4 34.Kh3 c5 35.Bf1 Rd2 36.Bc4 Qg1  0-1

[Event "ch-FRA NatB"]
[Site "Belfort FRA"]
[Date "2010.08.18"]
[Round "9"]
[White "Housieaux,D"]
[Black "Le Roux,JP"]
[Result "0-1"]
[WhiteElo "2423"]
[BlackElo "2495"]

1.d4 d5 2.c4 c6 3.Nc3 Nf6 4.Nf3 dxc4 5.a4 Bf5 6.e3 e6 7.Bxc4 Bb4 8.O-O O-O
9.Qe2 Ne4 10.Bd3 Bxc3 11.bxc3 Nxc3 12.Qc2 Bxd3 13.Qxd3 Nd5 14.Rb1 b6 15.Ba3 Re8
16.Rfc1 Nf6 17.a5 e5 18.Qb3 exd4 19.Nxd4 c5 20.Nb5 Nc6 21.Rd1 Qe7 22.axb6 axb6
23.Rd6 Na5 24.Qc2 Qe4 25.Qxe4 Nxe4 26.Rd3 Nc4 27.Rbd1 Ne5 28.Rd5 Nf6 29.Rd6 Nc4
30.Nc7 Nxd6 31.Nxa8 Nb5 32.Nxb6 Nxa3 33.Ra1 Nb5 34.Ra5 Rb8 35.g3 Nd6 36.Na4 c4
37.Ra6 Nfe8 38.Nc3 Kf8 39.e4 Rb3 40.e5 Rxc3 41.exd6 Rd3  0-1

[Event "6th Prospero A Pichay Cup"]
[Site "Manila PHI"]
[Date "2010.08.21"]
[Round "1"]
[White "Olay,E"]
[Black "Gomez,Joh"]
[Result "0-1"]
[WhiteElo "2289"]
[BlackElo "2527"]

1.d4 d5 2.c4 c6 3.Nf3 Nf6 4.Nc3 dxc4 5.a4 Bf5 6.e3 e6 7.Bxc4 Bb4 8.O-O O-O
9.Qe2 Nbd7 10.e4 Bg6 11.e5 Nd5 12.Nxd5 cxd5 13.Bd3 Bh5 14.Qe3 Be7 15.Bd2 Nb8
16.b4 Nc6 17.b5 Na5 18.Rac1 h6 19.Rc2 Qb6 20.Rb1 Rac8 21.Ne1 Nc4 22.Qh3 Na3
23.Rxc8 Rxc8 24.Qxh5 Nxb1 25.Bxb1 Qxd4 26.Qe2 Qxa4 27.g3 Bb4 28.Bd3 Bxd2
29.Qxd2 Qa1 30.Qe2 Rc1 31.Kf1 Qc3 32.Bc2 Rxe1+ 33.Qxe1 Qxc2 34.Qa5 Qb1+ 35.Kg2 Qe4+
36.Kg1 d4  0-1

[Event "6th Prospero A Pichay Cup"]
[Site "Manila PHI"]
[Date "2010.08.21"]
[Round "1"]
[White "Irwanto,S"]
[Black "Phadke,So1"]
[Result "1-0"]
[WhiteElo "2419"]
[BlackElo "2232"]

1.d4 d5 2.Nf3 Nf6 3.c4 c6 4.Nc3 dxc4 5.a4 Bf5 6.Ne5 Nbd7 7.Nxc4 Qc7 8.g3 e5
9.dxe5 Nxe5 10.Bf4 Nfd7 11.Bg2 g5 12.Ne3 gxf4 13.Nxf5 O-O-O 14.Qc2 Bb4 15.O-O fxg3
16.hxg3 a5 17.Rac1 Nc5 18.Ne4 Nxe4 19.Qxe4 Rhe8 20.Rcd1 Kb8 21.Ng7 Rg8 22.Nh5 Qe7
23.Qf4 Bd6 24.Qf6 Ng4 25.Qxe7 Bxe7 26.e3 Nf6 27.Bf3 Nxh5 28.Bxh5 f6 29.Kg2 Kc7
30.Rh1 Rxd1 31.Bxd1 Rh8 32.Rh6 Kd8 33.Bc2 Ke8 34.Kf3 Kf7 35.Rxh7+ Rxh7 36.Bxh7 b5
37.b3 bxa4 38.bxa4 Bb4 39.Be4 c5 40.Bd5+ Kg6 41.g4 Kg5 42.Be6 Ba3 43.Kg3 Bb2
44.f4+ Kg6 45.Kf3 Bc1 46.Ke4 Bd2 47.Bc4 Bc1 48.Kf3 Bd2 49.e4 Bc3 50.Ke3 Bb2
51.Kd2 Kg7 52.Bd5 Kh6 53.Kc2 Ba1 54.Kd3 Bb2 55.Kc4 Bc1 56.Kb5 Bd2 57.e5 fxe5
58.fxe5 Kg7 59.Kxc5 Bb4+ 60.Kb6 Kf8 61.g5 Bc3 62.g6 Bxe5 63.Kxa5  1-0

[Event "6th Geller Memorial Open A"]
[Site "Odessa UKR"]
[Date "2010.08.21"]
[Round "1"]
[White "Campi,W"]
[Black "Reshetkov,K"]
[Result "0-1"]
[WhiteElo "1854"]
[BlackElo "2192"]

1.Nf3 Nf6 2.c4 c6 3.d4 d5 4.Nc3 dxc4 5.a4 Bf5 6.e3 e6 7.Bxc4 Bb4 8.O-O O-O
9.Nh4 Bg4 10.f3 Bh5 11.Qb3 a5 12.g4 Nd5 13.Ng2 Bg6 14.e4 Nb6 15.Be2 Qxd4+
16.Be3 Qd8 17.Rfd1 N8d7 18.Nf4 Qe7 19.Nxg6 hxg6 20.Kg2 Rfd8 21.h4 Bc5 22.Bg5 f6
23.Bf4 Ne5 24.Rh1 Rd4 25.h5 Rb4 26.Qc2 g5 27.Bxe5 fxe5 28.h6 g6 29.h7+ Kg7
30.Rh2 Rh8 31.Rah1 Qd6 32.Qc1 Qd4 33.Kg3 Qe3 34.Qa1 Bd4 35.Qa2 Qf4+ 36.Kg2 Qf7
37.Bd1 Nd7 38.Kg3 Nc5 39.Kg2 Nd3 40.Bb3 Qf4 41.Rh3 Qd2+  0-1

[Event "TCh-SRB 1st League"]
[Site "Vrnjacka Banja SRB"]
[Date "2010.08.21"]
[Round "1"]
[White "Popov,Si1"]
[Black "Jeremic,V"]
[Result "0-1"]
[WhiteElo "2455"]
[BlackElo "2509"]

1.d4 d5 2.c4 c6 3.Nc3 Nf6 4.Nf3 dxc4 5.a4 Bf5 6.e3 e6 7.Bxc4 Nbd7 8.a5 b5
9.axb6 axb6 10.Rxa8 Qxa8 11.Nh4 Bg4 12.f3 Bh5 13.g4 Bg6 14.e4 b5 15.Be2 Nb6
16.O-O b4 17.Nb1 Be7 18.Ng2 Nfd7 19.Be3 O-O 20.Nd2 c5 21.Nc4 Nxc4 22.Bxc4 Nb6
23.Qb3 cxd4 24.Bxd4 Nxc4 25.Qxc4 Rc8 26.Qb3 Qa6 27.Be3 f6 28.Nf4 Bf7 29.Rd1 g5
30.Qd3 Qa2 31.Nh5 Bxh5 32.gxh5 Rd8 33.Qe2 Rxd1+ 34.Qxd1 Qxb2 35.Bd4 Qa2 36.f4 b3
37.Qc1 Qc2 38.Qb2 Qxe4 39.Bxf6 Bc5+  0-1

[Event "9th Open"]
[Site "Istanbul TUR"]
[Date "2010.08.22"]
[Round "2"]
[White "Gasanov,E"]
[Black "Cakmak,S"]
[Result "1-0"]
[WhiteElo "2482"]
[BlackElo "1951"]

1.d4 d5 2.c4 c6 3.Nf3 Nf6 4.Nc3 dxc4 5.a4 Bf5 6.Nh4 Bc8 7.e3 e6 8.Bxc4 Bb4
9.Nf3 Nbd7 10.O-O O-O 11.Qe2 b6 12.e4 Bb7 13.e5 Nd5 14.Nxd5 cxd5 15.Bd3 Be7
16.b4 Re8 17.b5 Nf8 18.Bd2 Ng6 19.g3 Qd7 20.h4 Rec8 21.h5 Nf8 22.h6 g6 23.Rfc1 Rxc1+
24.Rxc1 Rc8 25.Rxc8 Qxc8 26.Kg2 Nd7 27.Kh3 Qf8 28.Kg2 Qc8 29.Nh2 Nb8 30.Ng4 Nd7
31.Kh3 Qd8 32.Qe1 Qc8 33.Bb4 Bf8 34.Bxf8 Qxf8 35.Qc1 Qd8 36.Qf4 Qe7 37.Kg2 Qd8
38.Kf3 Qe7 39.Ke3 Bc8 40.Nf6+ Kh8 41.Nxd7 Bxd7 42.Qf6+ Qxf6 43.exf6 Kg8 44.Kf4 Kf8
45.Ke5 Ke8 46.Kd6 Bc8 47.f4 Bd7 48.Kc7  1-0

[Event "6th Prospero A Pichay Cup"]
[Site "Manila PHI"]
[Date "2010.08.22"]
[Round "2"]
[White "Yu Lie"]
[Black "Roque,M"]
[Result "1-0"]
[WhiteElo "2447"]
[BlackElo "2244"]

1.d4 d5 2.c4 c6 3.Nf3 Nf6 4.Nc3 dxc4 5.a4 Bf5 6.e3 e6 7.Bxc4 Bb4 8.O-O Nbd7
9.Qe2 O-O 10.Rd1 Bg6 11.Ne5 Nxe5 12.dxe5 Nd7 13.Na2 Be7 14.b4 Qc7 15.f4 Nb6
16.Bb3 a5 17.bxa5 Rxa5 18.Nc3 Bb4 19.Bd2 Qe7 20.Na2 Bxd2 21.Qxd2 Rfa8 22.Nc3 h6
23.Qd4 Qc5 24.Rac1 Qxd4 25.Rxd4 Rc5 26.e4 Kf8 27.Kf2 Ke8 28.Ke3 Nd7 29.Rb4 b6
30.Rc2 Ke7 31.Nb1 Rxc2 32.Bxc2 f6 33.exf6+ gxf6 34.Nd2 e5 35.Nc4 Rb8 36.g3 Bf7
37.Bd3 Bxc4 38.Bxc4 Ra8 39.Bb3 Kd6 40.h4 Ra5 41.Kf3 b5 42.axb5 cxb5 43.Bf7 Ra3+
44.Kg4 Kc5 45.Rb1 b4 46.h5 Re3 47.Be8 Nb6 48.Kf5 Rxg3 49.fxe5 fxe5 50.Kxe5 Nc4+
51.Kf6 Nd2 52.Re1 Kd4 53.Bg6 Rf3+ 54.Ke6 b3 55.e5 Nc4 56.Rd1+ Kc3 57.Kd5 Nb6+
58.Kc6 Nc4 59.e6 Rf6 60.Kd7 Ne5+ 61.Ke7 Rf2 62.Bb1 Re2 63.Kf8 Rf2+ 64.Kg7 Rg2+
65.Kf6 Nc6 66.Rc1+ Rc2 67.Bxc2 bxc2 68.e7 Nxe7 69.Kxe7 Kd2 70.Ra1  1-0

[Event "25th Open"]
[Site "Schwarzach AUT"]
[Date "2010.08.22"]
[Round "2"]
[White "Kunin,V"]
[Black "Hoffmeister,Frank"]
[Result "1-0"]
[WhiteElo "2534"]
[BlackElo "2185"]

1.d4 d5 2.Nf3 Nf6 3.c4 c6 4.Nc3 dxc4 5.a4 Bf5 6.Ne5 Nbd7 7.Nxc4 Qc7 8.g3 e5
9.dxe5 Nxe5 10.Bf4 Nfd7 11.Bg2 f6 12.O-O Nc5 13.e4 Bg6 14.Bxe5 fxe5 15.f4 exf4
16.gxf4 Rd8 17.Qg4 Nd3 18.Kh1 Bf7 19.Ne3 Bc5 20.Nf5 g6 21.Nh6 Nf2+ 22.Rxf2 Bxf2
23.e5 Qd7 24.f5 gxf5 25.Nxf5 Rg8 26.Qf3 Bc5 27.Ne4 Bd5 28.Qh5+ Qf7 29.Nf6+ Kf8
30.Qh6+ Rg7 31.Bxd5 cxd5 32.Nxh7+ Kg8 33.Nf6+ Kf8 34.e6 Qg6 35.Qh8+ Rg8 36.Nxg8 Qxe6
37.Ngh6+  1-0

[Event "TCh-SRB 1st League"]
[Site "Vrnjacka Banja SRB"]
[Date "2010.08.22"]
[Round "2"]
[White "Jeremic,V"]
[Black "Solak,D"]
[Result "1/2-1/2"]
[WhiteElo "2509"]
[BlackElo "2567"]

1.d4 d5 2.c4 c6 3.Nf3 Nf6 4.Nc3 dxc4 5.a4 Bf5 6.e3 e6 7.Bxc4 Nbd7 8.O-O Bb4
9.Nh4 Bg6 10.Be2 a5 11.Nxg6 hxg6 12.Qc2 Qc7 13.g3 e5 14.Ne4 exd4 15.exd4 Nd5
16.Bf3 O-O 17.Nc3 Ne7 18.Bf4 Qb6 19.Rad1 Nf6 20.Rd3 Rad8  1/2-1/2

[Event "25th Open"]
[Site "Schwarzach AUT"]
[Date "2010.08.26"]
[Round "6"]
[White "Panteleev,P"]
[Black "Burg,T"]
[Result "1/2-1/2"]
[WhiteElo "2329"]
[BlackElo "2449"]

1.d4 Nf6 2.c4 c6 3.Nf3 d5 4.Nc3 dxc4 5.a4 Bf5 6.Ne5 Nbd7 7.Nxc4 Qc7 8.g3 e5
9.dxe5 Nxe5 10.Bf4 Nfd7 11.Bg2 g5 12.Bxe5 Nxe5 13.Qd4 f6 14.O-O-O Rd8 15.Qe3 Be7
16.Rxd8+ Kxd8 17.Rd1+ Kc8 18.Nxe5 Qxe5 19.Qxa7 Ba3 20.Qd4 Qxd4 21.Rxd4 Bc5
22.Rd2 Be6 23.e3 h5 24.Bf3 Kc7 25.Kc2 h4 26.b3 Kb6 27.g4 h3 28.Ne4 Be7 29.Be2 Ka5
30.f3 b5 31.axb5 cxb5 32.Kb2 Ra8 33.Nd6 Kb6 34.Nxb5 Ra5 35.Bc4 Rxb5 36.Bxe6 Re5
37.Bc4 Rxe3 38.Re2 Rxe2+ 39.Bxe2 Bd6 40.Bf1 Bxh2 41.Bxh3 Be5+ 42.Ka3 Ba1  1/2-1/2

[Event "ch-RUS Higher League"]
[Site "Irkutsk RUS"]
[Date "2010.08.27"]
[Round "2"]
[White "Obolenskikh,D"]
[Black "Chadaev,N"]
[Result "1/2-1/2"]
[WhiteElo "2466"]
[BlackElo "2574"]

1.Nf3 Nf6 2.c4 c6 3.Nc3 d5 4.d4 dxc4 5.a4 Bf5 6.Ne5 Nbd7 7.Nxc4 Nb6 8.Ne5 a5
9.f3 Nfd7 10.Nxd7 Nxd7 11.e4 Bg6 12.Be3 e6 13.Be2 Bb4 14.O-O O-O 15.Rc1 Qe7
16.Qb3 Rab8 17.Rfd1 Rfd8 18.Kh1 h6 19.Bf1 Bd6 20.Ne2 Qh4 21.g3 Qe7 22.Nf4 Bh7
23.Nd3 Bg6 24.Bh3 Bh7 25.Kg2 Kh8 26.Re1 Re8 27.Bd2 Qd8 28.Qc3 Ra8 29.Re2 Kg8
30.Qb3 Rb8 31.Bc3 Bf8 32.Qc2 Qc7 33.Qd2 Ra8 34.b3 Qb6 35.Qd1 Qa6 36.Nb2 Red8
37.Nc4 b5 38.Ne3 Nb6 39.Kf2 bxa4 40.bxa4 c5 41.Rd2 cxd4 42.Rxd4 Rdc8 43.Bf1 Qa7
44.Bb2 Rxc1 45.Bxc1 Bg6 46.Bb5 Qc7 47.Bd2 f6 48.Kg2 Bf7 49.Qe1 Qa7 50.Rd3 Be8
51.Qb1 Bxb5 52.Qxb5 Qa6 53.Rb3 Nxa4 54.Qxa6 Rxa6 55.Rb5 Nb6 56.Rxa5 Rxa5
57.Bxa5 Nd7 58.Nc4  1/2-1/2

[Event "6th Geller Memorial Open A"]
[Site "Odessa UKR"]
[Date "2010.08.27"]
[Round "7"]
[White "Bogdanovich,S"]
[Black "Kharchenko,B"]
[Result "0-1"]
[WhiteElo "2464"]
[BlackElo "2442"]

1.d4 d5 2.c4 c6 3.Nc3 Nf6 4.Nf3 dxc4 5.a4 Bf5 6.Nh4 Bc8 7.Nf3 Bf5 8.Nh4 Bd7
9.e4 e6 10.g3 Bb4 11.Bg2 c5 12.O-O Nc6 13.d5 Nd4 14.Bf4 O-O 15.Be5 Nb3 16.Rb1 exd5
17.exd5 Re8 18.Re1 Ng4 19.Bd6 Qf6 20.Ne4 Rxe4 21.Rxe4 Nxf2 22.Rf4 Qxf4 23.gxf4 Nxd1
24.Rxd1 Re8 25.Bc7 Nd4 26.Nf3 Nxf3+ 27.Bxf3 Re1+ 28.Rxe1 Bxe1 29.a5 Bh4 30.d6 Bf6
31.Bd5 Bxb2 32.Bxc4 Bd4+ 33.Kf1 Bc6 34.Bb8 a6  0-1

[Event "25th Open"]
[Site "Schwarzach AUT"]
[Date "2010.08.28"]
[Round "8"]
[White "Feige,M"]
[Black "Panteleev,P"]
[Result "1/2-1/2"]
[WhiteElo "2402"]
[BlackElo "2329"]

1.d4 d5 2.c4 c6 3.Nf3 Nf6 4.Nc3 dxc4 5.a4 Bf5 6.e3 e6 7.Bxc4 Bb4 8.O-O Nbd7
9.Qe2 Bg6 10.e4 O-O 11.Bd3 Bh5 12.e5 Nd5 13.Nxd5 cxd5 14.Qe3 Be7 15.Bd2 Nb8
16.b4 Nc6 17.b5 Na5 18.Rac1 h6 19.Rc2 Nb3 20.Bc3 Rc8 21.Nd2 Nxd2 22.Qxd2 Bg6
23.Bxg6 fxg6 24.Bb2 Bg5 25.Qd3 Rxc2 26.Qxc2 Kf7 27.g3 Qc8 28.Qc5 b6 29.Qxc8  1/2-1/2

[Event "TCh-SUI 2010"]
[Site "Switzerland SUI"]
[Date "2010.08.28"]
[Round "6.8"]
[White "Rosenthal,Joa"]
[Black "Bellmann,R"]
[Result "1-0"]
[WhiteElo "2235"]
[BlackElo "2079"]

1.d4 d5 2.c4 c6 3.Nc3 Nf6 4.Nf3 dxc4 5.a4 Bf5 6.Ne5 Nbd7 7.Nxc4 Nb6 8.e3 e6
9.Qb3 Be7 10.f3 Bg6 11.a5 Nxc4 12.Bxc4 Qd7 13.O-O O-O 14.Rd1 Rab8 15.e4 b5
16.Bf1 a6 17.Be3 Rfd8 18.Na2 Rbc8 19.Nb4 Qb7 20.Nd3 Nd7 21.Qc3 f6 22.b4 e5
23.dxe5 fxe5 24.Rd2 Bf7 25.Rad1 Qb8 26.Nc5 Nxc5 27.Bxc5 Rxd2 28.Rxd2 Bxc5+
29.Qxc5 Qc7 30.Rd6 h6 31.Qxe5 Qa7+ 32.Qc5 Qxc5+ 33.bxc5 Be8 34.Kf2 Kf7 35.Ke3 Ke7
36.Kd4 Rb8 37.Kc3 Bd7 38.Kb4 Rf8 39.Bd3 Rf4 40.Bc2 h5 41.Bb3 Rh4 42.Rg6 Kf8
43.h3 Rf4 44.Be6 Be8 45.Rg5 Ke7 46.Bc8 Kd8 47.Bf5 Bf7 48.Rxg7 Ke8 49.Rh7 Kf8
50.Rh8+  1-0

[Event "TCh-SRB 1st League"]
[Site "Vrnjacka Banja SRB"]
[Date "2010.08.28"]
[Round "8"]
[White "Rajkovic,Du"]
[Black "Jeremic,V"]
[Result "0-1"]
[WhiteElo "2453"]
[BlackElo "2509"]

1.d4 d5 2.c4 c6 3.Nf3 Nf6 4.Nc3 dxc4 5.a4 Bf5 6.Nh4 Bg4 7.h3 Bh5 8.g4 Bg6
9.Nxg6 hxg6 10.e3 e6 11.Bxc4 Bb4 12.Bd2 a5 13.Qf3 Nbd7 14.O-O-O Qe7 15.Kb1 Nd5
16.e4 N5b6 17.Bb3 e5 18.dxe5 Nxe5 19.Qg3 O-O-O 20.Bc1 Nec4 21.Ka2 g5 22.Qf3 f6
23.Rxd8+ Rxd8 24.Qe2 Bxc3 25.bxc3 Rd2+ 26.Qxd2 Nxd2 27.Bxd2 Nxa4 28.f3 Nc5
29.Bc2 Qe6+ 30.Kb1 Qc4 31.e5 Nd3  0-1

[Event "TCh-SRB 1st League"]
[Site "Vrnjacka Banja SRB"]
[Date "2010.08.28"]
[Round "8"]
[White "Pavlovic,Milos"]
[Black "Sokolov,Ivan"]
[Result "1-0"]
[WhiteElo "2534"]
[BlackElo "2641"]

1.d4 d5 2.c4 c6 3.Nf3 Nf6 4.Nc3 dxc4 5.a4 Bf5 6.e3 e6 7.Bxc4 Bb4 8.O-O Nbd7
9.Qe2 Bg4 10.h3 Bh5 11.Rd1 Qa5 12.e4 O-O 13.e5 Nd5 14.Nxd5 exd5 15.Bd3 Qd8
16.g4 Bg6 17.Bf5 Re8 18.h4 c5 19.h5 Bxf5 20.gxf5 Rc8 21.Bg5 f6 22.Bh4 cxd4
23.e6 Nc5 24.Rxd4 Nb3 25.Rxb4 Nxa1 26.h6 Rc7 27.Rg4 Nb3 28.Qb5 Nc5 29.Bxf6 Qxf6
30.Qxe8+ Qf8 31.Qxf8+ Kxf8 32.Rd4 gxh6 33.Rxd5 Ke7 34.a5 Ne4 35.Ne5 Nf6 36.Rb5 Ne8
37.Nd3 Nd6 38.Rd5 Rc8 39.Nc5 Rg8+ 40.Kf1 b6 41.Nb3 Nc4 42.a6 Kf6 43.Nd4 Ne5
44.f4 Nd3 45.e7 Re8 46.Nc6 Nxf4 47.Rd6+ Kf7 48.f6  1-0

[Event "9th Georgiev-Kesarovski Mem"]
[Site "Sunny Beach BUL"]
[Date "2010.08.29"]
[Round "2"]
[White "Ristic,M"]
[Black "Nikolov,Sas"]
[Result "0-1"]
[WhiteElo "2189"]
[BlackElo "2409"]

1.d4 d5 2.c4 c6 3.Nf3 Nf6 4.Nc3 dxc4 5.a4 Bf5 6.Ne5 Na6 7.f3 Nb4 8.e4 Be6
9.a5 Qxd4 10.Qxd4 Nc2+ 11.Kf2 Nxd4 12.Bxc4 Nd7 13.Bxe6 Nxe5 14.Ba2 e6 15.Rd1 Nc2
16.Rb1 Nb4 17.Bb3 Ned3+ 18.Ke2 O-O-O 19.Bg5 Rd7 20.Bc4 Ne5 21.Rxd7 Kxd7 22.Rd1+ Bd6
23.Bb3 Kc7 24.Be3 Ra8 25.Na4 Nd7 26.f4 Na6 27.Bc4 Bb4 28.f5 Re8 29.fxe6 fxe6
30.Bxa7 Bxa5 31.Bxa6 bxa6 32.Nc5 Nxc5 33.Bxc5 Rd8 34.Rxd8 Kxd8 35.Bd4 g6
36.Kd3 Kc7 37.Kc4 Bb6 38.Be5+ Kb7 39.h3 Bf2 40.Bd6 Kb6 41.b4 c5 42.bxc5+ Kc6
43.Bf8 a5 44.Be7 a4 45.Bf8 a3 46.Be7 Bd4 47.Kb3 Bxc5 48.Bf6 Kb5 49.Be5 a2
50.Bc3 Be3 51.Kxa2 Kc4 52.Be1 Kd3 53.Kb2 Ke2 54.Bc3 Kf2  0-1

[Event "TCh-SRB 1st League"]
[Site "Vrnjacka Banja SRB"]
[Date "2010.08.29"]
[Round "9"]
[White "Milanovic,Da"]
[Black "Jeremic,V"]
[Result "1-0"]
[WhiteElo "2499"]
[BlackElo "2509"]

1.d4 d5 2.c4 c6 3.Nf3 Nf6 4.Nc3 dxc4 5.a4 Bf5 6.e3 e6 7.Bxc4 Bb4 8.O-O Nbd7
9.h3 O-O 10.Nh4 Bg6 11.Nxg6 hxg6 12.Qc2 Qa5 13.Rd1 Rac8 14.Na2 Be7 15.b4 Qh5
16.Rb1 g5 17.Rb3 Nb6 18.Be2 Qh4 19.a5 Nbd5 20.Bf3 g4 21.hxg4 Nxg4 22.e4 Qh2+
23.Kf1 Nf4 24.Bxf4 Qxf4 25.g3 Qg5 26.Kg2 Rfd8 27.a6 b6 28.Rc3 e5 29.d5 c5
30.b5 Nf6 31.Nb4 Rd6 32.Nc6 Rc7 33.Qc1 Nd7 34.Qxg5 Bxg5 35.Rc4 Bf6 36.Bg4 g5
37.Kf3 Nf8 38.Bf5 Ng6 39.Bxg6 fxg6 40.Kg4 Rh7 41.Rcc1 Rdd7 42.Rh1 Kf8 43.f4 gxf4
44.gxf4 exf4 45.e5 Rxh1 46.Rxh1 Bg7 47.Rd1 c4 48.e6 Rd6 49.Nxa7 c3 50.Nc6  1-0